The Star Game Quiz Stats

 Plays Quiz Updated Sep 27, 2018

Score 0/30 Timer 07:00
0 Plays Today
Hint Answer % Correct
Epic science fiction franchise with Han Solo, Darth Vader and Jar Jar BinksStar Wars
98.8%
Captain Kirk and Spock are part of this Gene Roddenberry created franchiseStar Trek
94.3%
The largest coffeehouse company in the world based in Seattle, WAStarbucks Corporation
89.9%
The national anthem of the United States of AmericaThe Star-Spangled Banner
84.4%
Widely recognized symbol of Judaism and image on the flag of IsraelStar of David
84%
TV show in which celebrities perform the Foxtrot, Tango, and other styles with a professional partnerDancing with the Stars
82.9%
Another name for Polaris, the brightest star in the constellation Ursa MinorNorth Star
80.6%
Candy with the slogan 'Share Something Juicy'Starburst
78.6%
Aquatic creature of a class (Asteroidea) of echinodermsSea Star
74.2%
An official nickname for the U.S. State of TexasThe Lone Star State
74.1%
Exhibition game typically played by the best players in their sports leagueAll-star game
69.2%
The Empire's ultimate weapon that was used to destroy the planet AlderaanDeath Star
65.8%
Phrase describing Romeo and JulietStar-Crossed Lovers
64.2%
Vincent van Gogh painting at the Museum of Modern Art in New York CityThe Starry Night
63.6%
NHL Pacific division team based in TexasDallas Stars
46%
Hint Answer % Correct
A famous touring figure skating showStars on Ice
43.9%
Rank for Admiral of the Fleet or General of the ArmyFive Star Rank
42.7%
A daily British tabloid newspaperThe Daily Star
42.3%
Science fiction TV series with characters such as Gaius Baltar, William Adama and CylonsBattlestar Galactica
41.5%
Ed McMahon/Arsenio Hall hosted TV show in which contestants competed in genres of entertainmentStar Search
41.5%
A science fiction TV series with characters such as the Goa'uld and Jack O'NeillStargate SG-1
34.3%
Independent counsel during the Clinton era that investigated the Whitewater controversyKenneth Starr
27.7%
Real-time strategy video game developed by Blizzard EntertainmentStarcraft
27.1%
Another name for Sirius, the brightest star in the night sky Dog Star
23.3%
Flash animated internet cartoon featuring the character Strong BadHomestar Runner
22.8%
1954 Judy Garland movieA Star is Born
21.8%
1984 Jeff Bridges and Karen Allen movieStarman
16%
Neil Gaiman novel and later a movie with Michelle Pfeiffer and Robert De NiroStardust
13.9%
1975 Bad Company song and playable track on the game 'Rock Band 2'Shooting Star
13%
Robert A. Heinlein novel and later a Neil Patrick Harris movieStarship Troopers
11%

You're not logged in!

Compare scores with friends on all Sporcle quizzes.
OR
Log In

Sporcle TV

Today on Sporcle TV


Watch our educational content, quiz creation guides, and fun videos on Sporcle TV.

Show Comments

Extras

Top Quizzes Today


Score Distribution

Your Account Isn't Verified!

In order to create a playlist on Sporcle, you need to verify the email address you used during registration. Go to your Sporcle Settings to finish the process.

Report this User

Report this user for behavior that violates our Community Guidelines.

Details: